Library Banner

The shortest history of Israel and Palestine / (Record no. 139884)

MARC details
000 -LEADER
fixed length control field 00529nam a22001697a 4500
005 - DATE AND TIME OF LATEST TRANSACTION
control field 20260225112035.0
008 - FIXED-LENGTH DATA ELEMENTS--GENERAL INFORMATION
fixed length control field 260225b |||||||| |||| 00| 0 eng d
020 ## - INTERNATIONAL STANDARD BOOK NUMBER
International Standard Book Number 9786277626556 (pbk)
040 ## - CATALOGING SOURCE
Transcribing agency PK-LaUMT
082 ## - DEWEY DECIMAL CLASSIFICATION NUMBER
Classification number 956.04
Item number SCO-S
100 ## - MAIN ENTRY--PERSONAL NAME
Personal name Scott-Baumann, MichaelHimayatullah Yaqubi
245 ## - TITLE STATEMENT
Title The shortest history of Israel and Palestine /
Statement of responsibility, etc by Michael Scott-Baumann
260 ## - PUBLICATION, DISTRIBUTION, ETC. (IMPRINT)
Place of publication, distribution, etc Karachi :
Name of publisher, distributor, etc Liberty Publishing,
Date of publication, distribution, etc 2025
300 ## - PHYSICAL DESCRIPTION
Extent 278 p.
650 ## - SUBJECT ADDED ENTRY--TOPICAL TERM
Topical term or geographic name as entry element Arab-Israel-conflict history
942 ## - ADDED ENTRY ELEMENTS (KOHA)
Koha item type Books
Holdings
Withdrawn status Lost status Damaged status Home library Current library Date acquired Full call number Barcode Date last seen Price effective from Koha item type
      UMT Main Campus UMT Main Campus 2026-02-25 956.04 SCO-S 151693 2026-02-25 2026-02-25 Books